00293nam a2200121Ia 4500008004100000100002300041245004900064260001700113300000700130650001000137942000700147999001700154190216s9999||||xx |||||||||||||| ||und|| aAshok Kumar Sharma 0aHindi - Bharat Ki Mahan Vaigyanik Vibhutiyan bVikramc2007 a95 aHindi cBK c16455d16455